Fluid mechanics and hydraulic machines / (Record no. 147449)

MARC details
000 -LEADER
fixed length control field 00632nam a22002057a 4500
005 - DATE AND TIME OF LATEST TRANSACTION
control field 20171115154004.0
010 ## - LCCN (DPL NO)
LC control number ENG-121413
020 ## - INTERNATIONAL STANDARD BOOK NUMBER
Terms of availability 325.00
International Standard Book Number 9789325984219
035 ## - SYSTEM CONTROL NUMBER
System control number EN-104945
037 ## - SOURCE OF ACQUISITION
Source of stock number/acquisition DBAD/PUB
082 ## - DEWEY DECIMAL CLASSIFICATION NUMBER
Classification number 620.106
100 ## - MAIN ENTRY--PERSONAL NAME
Personal name Mandal,D.K.
245 ## - TITLE STATEMENT
Title Fluid mechanics and hydraulic machines /
Statement of responsibility, etc by D.K. Mandal...[et.al]
260 ## - PUBLICATION, DISTRIBUTION, ETC. (IMPRINT)
Place of publication, distribution, etc Noida
Name of publisher, distributor, etc Vikas Publishing House
Date of publication, distribution, etc 2015
270 ## - ADDRESS
Address E-28,Sector
City Noida
Postal code 201301
300 ## - PHYSICAL DESCRIPTION
Extent xiii,447p. :
Dimensions 25cm(pbk)
Other physical details ill.
500 ## - GENERAL NOTE
General note Includes bibliographical references and index
700 ## - ADDED ENTRY--PERSONAL NAME
Personal name Chakraborty,S.
942 ## - ADDED ENTRY ELEMENTS (KOHA)
Source of classification or shelving scheme Dewey Decimal Classification
Item type English Books
Call number suffix MAN
Classification part 620.106
Holdings
Withdrawn status Lost status Not for loan Collection code Home library Current library Date acquired Source of acquisition Cost, normal purchase price Full call number Barcode Copy number Cost, replacement price Koha item type
    Not For Loan Non-fiction D.B.Act.Division Bawana 15/11/2017 DBAD/PUB 325.00 620.106 MAN EN-104945 1 325.00 English Books

© Delhi Public Library
Hit Counter
free hit counter